00301nam a2200121Ia 4500008004100000041001200041082002100053100002000074245001400094260004400108300001300152650001400165231217s9999 xx 000 0 und d aEnglish a575.12 LEW;1 R aLewin, Benjamin 0aGenes VII c2000bOxford : Oxford university press, axvii+990 aGenes,VII